Quiz sur James Bond - Statistiques

Statistiques générales
  • Ce quiz a été pris 429 fois
  • Le résultat moyen est 11 sur 16
Statistiques - réponses
Questions Réponses % Correct
Numéro de matricule de James Bond 007
99%
Pays d'origine de Bond Royaume-uni
97%
Supérieur de Bond M
96%
Organisation pour laquelle il travaille MI6
88%
Nombre d'acteurs ayant incarnés Bond dans la franchise officielle 6
87%
Agent fournissant l'équipement et les gadgets de Bond Q
85%
Célèbre marque de voiture anglaise associée à Bond Aston Martin
84%
Organisation criminelle dirigée par ce dernier SPECTRE
83%
Créateur du personnage Ian Fleming
74%
Assistante de son supérieur Moneypenny
67%
Année de sortie du premier film au cinéma 1962
66%
Année de parution du premier roman 1953
46%
Ennemi juré de Bond Ernst Stavro Blofeld
46%
Ami de Bond travaillant pour la CIA Felix Leiter
36%
Arme de service de Bond dans la majeure partie de la saga Walther PPK
27%
Véritable agent secret ayant servi d'inspiration pour la création de Bond Dusko Popov
5%
Aucun quiz correspondant
Distribution des résultats
% des personnes avec chaque résultat
Percentile par nombre de réponses
Votre historique - résultats
Vous n’avez pas pris ce quiz